Sri Lanka / (Record no. 100068)

MARC details
000 -LEADER
fixed length control field 00600nam a22002057a 4500
005 - DATE AND TIME OF LATEST TRANSACTION
control field 20160624141941.0
010 ## - LCCN (DPL NO)
LC control number ENG-115150
020 ## - INTERNATIONAL STANDARD BOOK NUMBER
International Standard Book Number 9789385288104
Terms of availability 699.00
035 ## - SYSTEM CONTROL NUMBER
System control number EN-98682
037 ## - SOURCE OF ACQUISITION
Source of stock number/acquisition DBAD/PUB
082 ## - DEWEY DECIMAL CLASSIFICATION NUMBER
Classification number 915.4930432
100 ## - MAIN ENTRY--PERSONAL NAME
Personal name Ellis, Royston
245 ## - TITLE STATEMENT
Title Sri Lanka /
Statement of responsibility, etc by Royston Ellis
250 ## - EDITION STATEMENT
Edition statement 5th ed
260 ## - PUBLICATION, DISTRIBUTION, ETC. (IMPRINT)
Place of publication, distribution, etc New Delhi
Name of publisher, distributor, etc Speaking Tiger
Date of publication, distribution, etc 2015
270 ## - ADDRESS
Address 4381/4 Ansari Road, Daryaganj,
City New Delhi
Postal code 110002
300 ## - PHYSICAL DESCRIPTION
Extent x,326p. :
Dimensions 22cm(pbk)
Other physical details ill.(chiefly col.),maps
500 ## - GENERAL NOTE
General note Includes index
942 ## - ADDED ENTRY ELEMENTS (KOHA)
Source of classification or shelving scheme Dewey Decimal Classification
Item type English Books
Call number suffix ELL
Classification part 915.4930432
Holdings
Withdrawn status Lost status Not for loan Collection code Home library Current library Date acquired Source of acquisition Cost, normal purchase price Full call number Barcode Copy number Cost, replacement price Koha item type
    Not For Loan Non-fiction D.B.Act.Division Bawana 25/05/2016 DBAD/PUB 699.00 915.4930432 ELL EN-98682 1 699.00 English Books

© Delhi Public Library
Hit Counter
free hit counter